00406nam a2200133Ia 45000010005000000080041000050200022000460820024000681000029000922450087001212600023002089010026002319990015002572190241024s9999 xx 000 0 und d a978-9945-427-33-2 aRD/972.9304/P438a/2 aFernando Pérez Memén 0aAnexión y Restauración de la República (Ideas, mentalidades e Instituciones) bEd. Nacionalc2008 a9/3/2012 1:45:54 p.m. c7571d7571